[Event "FRM-ch op 22nd"]
[Site "Struga"]
[Date "2013.07.17"]
[Round "5"]
[White "Stojkovska, Monika"]
[Black "Tevdovski, Zoran"]
[Result "1/2-1/2"]
[WhiteElo "2005"]
[BlackElo "1708"]
[PlyCount "73"]
[EventDate "2013.07.13"]
[EventType "swiss"]
[EventRounds "9"]
[EventCountry "MKD"]
[SourceTitle "CBM 155 Extra"]
[Source "ChessBase"]
[SourceDate "2013.08.26"]
[SourceVersion "1"]
[SourceVersionDate "2013.08.26"]
[SourceQuality "1"]

1. e4 e6 2. d4 d5 3. Nd2 dxe4 4. Nxe4 Bd7 5. Nf3 Bc6 6. Bd3 Nd7 7. Qe2 Ngf6 8. 0-0 Be7 9. c4 Bxe4 10. Bxe4 Nxe4 11. Qxe4 c6 12. Qg4 Bf6 13. Re1 0-0 14. b3 Re8 15. Bb2 c5 16. Rad1 Qc7 17. Ng5 cxd4 18. Bxd4 Bxd4 19. Rxd4 Nf6 20. Qh3 h6 21. Ne4 Nxe4 22. Rdxe4 Qa5 23. Kf1 Qxa2 24. Rg4 Kh8 25. Qf3 Re7 26. Qc3 f5 27. Rh4 Rd8 28. Rxh6+ Kg8 29. Rhxe6 Rxe6 30. Rxe6 Rd1+ 31. Re1 Qb1 32. b4 Rxe1+ 33. Qxe1 Qd3+ 34. Qe2 Qb1+ 35. Qe1 Qd3+ 36. Qe2 Qb1+ 37. Qe1 1/2-1/2

[Event "FRM-ch op 22nd"]
[Site "Struga"]
[Date "2013.07.13"]
[Round "1"]
[White "Organdziev, Oliver"]
[Black "Tevdovski, Zoran"]
[Result "1-0"]
[WhiteElo "2291"]
[BlackElo "1708"]
[PlyCount "79"]
[EventDate "2013.07.13"]
[EventType "swiss"]
[EventRounds "9"]
[EventCountry "MKD"]
[SourceTitle "CBM 155 Extra"]
[Source "ChessBase"]
[SourceDate "2013.08.26"]
[SourceVersion "1"]
[SourceVersionDate "2013.08.26"]
[SourceQuality "1"]

1. e4 c5 2. Nf3 d6 3. Bb5+ Nc6 4. 0-0 a6 5. Bxc6+ bxc6 6. e5 d5 7. h3 h6 8. d3 g5 9. c4 d4 10. Qa4 Qb6 11. Nbd2 g4 12. hxg4 Bxg4 13. b4 e6 14. bxc5 Bxc5 15. Rb1 Qc7 16. Ba3 Bxa3 17. Qxa3 Bxf3 18. Nxf3 c5 19. Rb5 Ne7 20. Rxc5 Qd7 21. Ra5 0-0 22. Rxa6 Rxa6 23. Qxa6 Ng6 24. g3 f5 25. Qd6 Qf7 26. Qxd4 f4 27. Qe4 Qg7 28. d4 fxg3 29. fxg3 Nf4 30. Kh2 Rf5 31. Nh4 Nh5 32. Nxf5 exf5 33. Qh4 f4 34. gxf4 Qf7 35. Rg1+ Kh7 36. f5 Ng7 37. Rxg7+ Qxg7 38. Qf6 Qa7 39. Qg6+ Kh8 40. f6 1-0